000 00359 a2200169 4500
001 71577
020 _a
040 _cAnchieta - Colégio São Paulo
100 _aHawkins, Colin
240 1 0 _aPiratas
_lpor
245 1 0 _aPiratas
300 _a[30p.]
362 0 _a1993
440 1 _aMartins Fontes
650 4 _aLiteratura infanto-juvenil
942 _cBK
999 _c71577
_d71577